header

The battle over bilingual ballots (Record no. 28988)

MARC details
000 -LEADER
fixed length control field 01387nam a2200325Ia 4500
082 04 - DEWEY DECIMAL CLASSIFICATION NUMBER
Classification number 342.73/072
100 1# - MAIN ENTRY--AUTHOR NAME
Personal name Tucker, James Thomas.
245 14 - TITLE STATEMENT
Title The battle over bilingual ballots
260 ## - PUBLICATION, DISTRIBUTION, ETC. (IMPRINT)
Place of publication Burlington, VT :
Name of publisher Ashgate,
Year of publication c2009.
300 ## - PHYSICAL DESCRIPTION
Number of Pages xvi, 413 p. :
Other physical details ill.
490 1# - SERIES STATEMENT
Series statement Election law, politics, and theory
650 #0 - SUBJECT ADDED ENTRY--TOPICAL TERM
Topical Term Linguistic minorities
856 40 - ELECTRONIC LOCATION AND ACCESS
Uniform Resource Identifier http://site.ebrary.com/lib/rucke/Doc?id=10350127

No items available.

© 2026 Rongo University
Contact us: librarian | system librarian | Rongo university